00906cam a22002171 450000100060000000300080000600500170001400800390003103500190007004000310008904100080012008200210012824501200014926000540026930000360032350002290035950400390058865000180062765000210064570000220066611221BD-RjUL20211208235106.0140126s1966 ne a b 001 0 eng a(BD-RjUL)11270 aDLC/ICUcICUdBD-RjULbeng aeng00a571.45bENE 196610aEnergy transfer in radiation processes :bchemical, physical, and biological aspects /cedited by Glyn O. Phillips. aAmsterdam ; New York :bElsevier Pub. Co.,c1966. axvi, 182 p. :billus. ;c22 cm. aInternational symposium held at Cardiff, January, 1965, organized by the Dept. of Chemistry, University College, Dept. of Applied Physics, Welsh College of Advanced Technology, and the Radiotherapy Centre, Velindre Hospital. aIncludes bibliographies and index. 0aRadiobiology. 0aEnergy transfer.1 aPhillips, Glyn O.